Introduction to survey research and data analysis (Record no. 31230)

MARC details
000 -LEADER
fixed length control field 00330nam a2200121Ia 4500
082 ## - DEWEY DECIMAL CLASSIFICATION NUMBER
Classification number 308.001
Item number WEI
100 ## - MAIN ENTRY--AUTHOR NAME
Personal name Bowen, B D
245 #0 - TITLE STATEMENT
Title Introduction to survey research and data analysis
260 ## - PUBLICATION, DISTRIBUTION, ETC. (IMPRINT)
Place of publication San Francisco
Name of publisher Freeman & Co
Year of publication 1977
700 ## - ADDED ENTRY--PERSONAL NAME
Personal name Weisberg, H F
942 ## - ADDED ENTRY ELEMENTS (KOHA)
Koha item type Books
Holdings
Withdrawn status Lost status Damaged status Not for loan Home library Current library Date acquired Full call number Accession Number Koha item type
        RRII Library RRII Library 16/12/2021 308.001 WEI 11781 Books